Capitali più popolose - America del Sud - Statistics

Statistiche generali
  • Questo quiz è stato fatto 16 volte
  • Il punteggio medio è 5 su 5
Statistiche sulle risposte
Popolazione (ab.) Capitale % Corretto
7 181 469 Bogotà
100%
2 891 082 Buenos Aires
100%
10 151 000 Lima
100%
2 800 388 Quito
85%
6 310 000 Santiago
77%
Nessun quiz corrispondente trovato
Distribuzione punteggi
Percentuale di utenti per punteggio
Percentile per numero di risposta
I tuoi punteggi nel tempo
Non hai fatto questo quiz